000 00999nam a2200277 a 4500
001 BRL_1292
005 20190320211130.0
008 271213m19701980mx-abo####---#000-0#spa-#
041 _aspa
044 _amx
050 4 _aF1220
_b.B46 1970
100 1 _aBenítez, Fernando
_d1912-2000
_925483
245 1 0 _aLos indios de México
_cFernando Benítez.
260 _aMéxico
_bEdiciones Era
_c1970-1980
300 _a5 v.
_bil., láminas, mapas
_c22 cm.
440 0 _aBiblioteca Era. Serie Mayor
_926405
500 _av.1 Au1517 ; v.2 Au1518 ; v.3 Au1516; v.4 Au1514 ; v.5 Au1515
500 _aEl v.1 incluye dedicatoria a Ruth Lechuga.
500 _aEl v.1 es igual al número de sistema 5058 del Fondo General Franz Mayer
650 1 4 _aIndígenas de México
_94678
650 1 4 _aIndígenas de México
_xVida social y costumbres
_910614
650 1 4 _aIndígenas de México
_xRitos y ceremonias
_92458
650 1 4 _aIndígenas de México
_xAntigüedades
_9509
902 _aGRL
942 _2lcc
_cB
999 _c10104
_d10104